Central Library OPAC University of Rajshahi

Aspects of Caste and Social Structure in a Rural Community of Bangladesh / (Record no. 79397)

MARC details
000 -LEADER
fixed length control field 01075nam a2200277 a 4500
001 - CONTROL NUMBER
RUCL Control Number 79397
003 - CONTROL NUMBER IDENTIFIER
rucl marc code BD-RjUL
005 - DATE AND TIME OF LATEST TRANSACTION
control field 20220421160016.0
008 - FIXED-LENGTH DATA ELEMENTS--GENERAL INFORMATION
fixed length control field 220216s1976 bg a|||| m||| 00| 0 eng d
035 ## - SYSTEM CONTROL NUMBER
system control number (BD-RjUL)79397
040 ## - CATALOGING SOURCE
Original cataloging agency BD-RjUL
Language of cataloging eng
Modifying agency BD-RjUL
041 ## - LANGUAGE CODE
Language code of Book eng
082 ## - DEWEY DECIMAL CLASSIFICATION NUMBER
DDC Edition number 23
Classification number 305.5095492
Author mark and Year SAA 1976
100 ## - MAIN ENTRY--PERSONAL NAME
Personal name Sarker, Profulla Chandra
9 (RLIN) 1385
245 10 - TITLE STATEMENT
Title Aspects of Caste and Social Structure in a Rural Community of Bangladesh /
Statement of responsibility, etc by Profulla Chandra Sarker ;
Name of Supervisor/Co-Supervisor Supervisor: Joanna Kirkpatrick
260 ## - PUBLICATION, DISTRIBUTION, ETC. (IMPRINT)
Place of publication, distribution, etc Rajshahi :
Name of publisher, distributor, etc Institute of Bangladesh Studies, University of Rajshahi
Date of publication, distribution, etc 1976
300 ## - PHYSICAL DESCRIPTION
Pagination [1], vii, 175 leaves :
Other physical details ill. ;
Dimensions 28cm.
502 ## - DISSERTATION NOTE
Dissertation note Thesis (M.phil.) - Institute of Bangladesh Studies, University of Rajshahi,1976
504 ## - BIBLIOGRAPHY, ETC. NOTE
Bibliography, etc Bibliography : Leaves 173-175
600 ## - SUBJECT ADDED ENTRY--PERSONAL NAME
General subdivision
Geographic subdivision .
-- 2665
650 ## - SUBJECT ADDED ENTRY--TOPICAL TERM
Topical term or geographic name as entry element Social Structure
Chronological subdivision Bangladesh
9 (RLIN) 1386
Topical term or geographic name as entry element Caste
Geographic subdivision Bangladesh
General subdivision History
9 (RLIN) 2666
651 ## - SUBJECT ADDED ENTRY--GEOGRAPHIC NAME
Geographic name Bangladesh
General subdivision Social conditions.
9 (RLIN) 2559
700 ## - ADDED ENTRY--SUPERVISOR/CO-SUPERVISOR NAME
Personal name Joanna, Kirkpatrick, Supervisor
9 (RLIN) 1388
942 ## - ADDED ENTRY ELEMENTS (KOHA)
Source of classification or shelving scheme Dewey Decimal Classification
Koha item type Theses
Holdings
Source of classification or shelving scheme Damaged status Not for loan Collection code Permanent Location Current Location Shelving location Date of accession Source of acquisition Total Checkouts Full call number Barcode Date last seen Copy number Thesis
Dewey Decimal Classification   Not For Loan Theses Central Library, University of Rajshahi Central Library, University of Rajshahi Documentation Section 30/03/1989 Controller of Exam. R.U.   THE 305.5095492 SAA 1976 D1127 16/02/2022 C-1 Theses